000 00859nmm a2200325 a 4500
003 AR-BaBNM
005 20251128211436.0
008 024020s[ca. ||||||||||||||000 | spa||
040 _cAR-BaBNM
245 1 0 _aLa Plata
_bArgentina
260 _aBuenos Aires
_bMunicipalidad de La Plata
_c[ca. 2004]
300 _a126 p.
_bláms.
650 4 _aHISTORIA ARGENTINA
650 4 _aHISTORIA DE BUENOS AIRES
650 4 _aCOSTUMBRES Y TRADICIONES
650 4 _aMONUMENTOS HISTORICOS
650 4 _aHISTORIA DE BUENOS AIRES
650 4 _aBIENES CULTURALES
650 4 _aARQUITECTURA
650 4 _aURBANISMO
650 4 _aEDIFICIOS
650 4 _aVIDA SOCIAL
650 4 _aVIDA CULTURAL
650 4 _aFERROCARRILES
650 4 _aSOCIOLOGIA
650 4 _aBARRIOS
700 1 _aAlak, Julio César
_eprologuista
942 _cBK
998 _cMariana
999 _c19710
_d19710